Direct fermentation of 2-keto-l-gulonic acid in recombinant Gluconobacter oxydans /
Zapisane w:
| Kolejni autorzy: | , , , , , , , |
|---|---|
| Format: | Artykuł |
| Język: | English |
| Hasła przedmiotowe: | |
| Etykiety: |
Dodaj etykietę
Nie ma etykietki, Dołącz pierwszą etykiete!
|
| Thư viện lưu trữ: | Thư viện Trường Đại học Đà Lạt |
|---|
| LEADER | 01043nam a2200349 4500 | ||
|---|---|---|---|
| 001 | DLU090098089 | ||
| 005 | ##20091201 | ||
| 040 | # | # | |a DLU |b eng |
| 041 | # | # | |a eng |
| 044 | # | # | |a us |
| 245 | # | # | |a Direct fermentation of 2-keto-l-gulonic acid in recombinant Gluconobacter oxydans / |c Yoshimasa Saito ... [et al.]. |
| 653 | # | # | |a Chemical mutation |
| 653 | # | # | |a Gluconobacter |
| 653 | # | # | |a Vitamin C |
| 700 | # | # | |a Hayashi, Hiromi. |
| 700 | # | # | |a Ishii, Yoshinori. |
| 700 | # | # | |a Noguchi, Yuji. |
| 700 | # | # | |a Saito, Yoshimasa. |
| 700 | # | # | |a Soeda, Sinsuke. |
| 700 | # | # | |a Yoshida, Masaru. |
| 700 | # | # | |a Yoshida, Shuki. |
| 700 | # | # | |a Yoshikawa, Koji. |
| 773 | # | # | |t Biotechnology and Bioengineering |g Vol. 58, no. 2-3 (April 1998), p. 309-315 |
| 920 | # | # | |a Phòng Tạp chí -- Trung tâm Thông tin - Thư viện Trường Đại học Đà Lạt |
| 994 | # | # | |a DLU |
| 900 | # | # | |a True |
| 911 | # | # | |a Trương Bảo Trâm Anh |
| 925 | # | # | |a G |
| 926 | # | # | |a A |
| 927 | # | # | |a BB |
| 980 | # | # | |a Thư viện Trường Đại học Đà Lạt |